00337 2200133 4500001002100000005001500021035002000036245005100056100001600107260003600123082000800159084001400167990002200181INLIS00000000000246620250604105153 a0010-06250000521 aSiti Nurbaya (Kasih Tak Sampai) /cMarah Rusli0 aMarah Rusli aJakarta :bBalai Pustaka,c1997 a800 a800 MAR s a000109 s/d 000111